LIBRARY & INFORMATION CENTRE, KCAET, TAVANUR

ONLINE PUBLIC ACCESS CATALOGUE (OPAC)

Design and development of power operated nutmeg sheller (Record no. 14065)

MARC details
000 -LEADER
fixed length control field 00348nam a22001337a 4500
082 ## - DEWEY DECIMAL CLASSIFICATION NUMBER
Classification number 631.37
Item number AFR
100 ## - MAIN ENTRY--AUTHOR NAME
Personal name Afreeda V
245 ## - TITLE STATEMENT
Title Design and development of power operated nutmeg sheller
260 ## - PUBLICATION, DISTRIBUTION, ETC. (IMPRINT)
Place of publication Tavanur
Name of publisher Department of FPME
Year of publication 2013
700 ## - ADDED ENTRY--PERSONAL NAME
Personal name Amal Padmu L P
700 ## - ADDED ENTRY--PERSONAL NAME
Personal name Mantu Kumar
700 ## - ADDED ENTRY--PERSONAL NAME
Personal name Sindhu Bhaskar (guide)
942 ## - ADDED ENTRY ELEMENTS (KOHA)
Koha item type Project Report
Holdings
Home library Current library Full call number Accession Number Koha item type
KAUAET KAUAET 631.37 AFR P271 Project Report
free website counter